000 00871cam a2200241 i 4500
999 _c7705
_d7705
003 OSt
005 20200317170008.0
008 190627t20192019nyua b 001 0 eng d
020 _a9781138583955
_qpaperback
020 _z042950635X
_qebook
082 0 4 _a363.69
_223
_bWEL
245 0 0 _aHuman-centered built environment heritage preservation :
_btheory and evidence-based practice /
_cedited by Jeremy C. Wells and Barry L. Stiefel.
300 _axv, 353 pages :
_billustrations ;
_c26 cm
504 _aIncludes bibliographical references and index.
650 0 _aHistoric preservation
_xEnvironmental aspects.
650 0 _aSustainable design.
650 0 _aEnvironmental protection.
650 7 _aEnvironmental protection.
_2fast
650 7 _aSustainable design.
_2fast
700 1 _aWells, Jeremy C.,
_eeditor.
700 1 _aStiefel, Barry,
_eeditor.
942 _2ddc